000 00759nam a2200265Ia 4500
003 OSt
005 20220926013331.0
006 a|||||r|||| 00| 0
007 ta
008 220923b |||||||| |||| 00| 0 eng d
020 _a030841739
037 _cGeneral Book
040 _aRTL
_cRTL
_beng
041 _2eng
_aeng
082 _aB2891, L0
100 _aSpivey W Allen
_9318127
245 0 _aLinear optimization
260 _aNew York
_bHolt Rinehart and Winston
_c1970
300 _axii,530p.
_ccm.
500 _aBibliography P 517-20; Appendixes P 375-516
650 _aLinear Programming
700 _a Thrall Robert M
_9318128
942 _hB2891, L0
_cGB
_2CC
999 _c625745
_d625745